| 000 | 01862nam0a2200325 4500 | ||
|---|---|---|---|
| 001 | RU\NLR\BIBL_A\011744672 | ||
| 005 | 20221123114134.0 | ||
| 010 |
_a978-5-4468-6748-6 _91000 |
||
| 021 |
_aRU _bКН-П-18-2945 _9КН-П-18-040867 |
||
| 035 | _a(NLR Aleph) 011744672 | ||
| 035 | _a(RuMoRGB)009650444 | ||
| 090 |
_a11595808 _c11595808 |
||
| 100 | _a20180706d2018 u y0rusy50 ca | ||
| 101 | 0 |
_aeng _arus |
|
| 102 | _aRU | ||
| 105 | _aa|||jzzz000zy | ||
| 200 | 1 |
_aPlanet of English. Humanities practice book _eанглийский язык. Практикум для специальностей гуманитарного профиля СПО _eучебное пособие для использования в учебном процессе образовательных учреждений, реализующих программы среднего профессионального образования по дисциплине "Английский язык" _fН. И. Соколова |
|
| 205 | _a3-е изд., стер. | ||
| 210 |
_aМосква _cАкадемия _d2018 |
||
| 215 |
_a93, [2] с. _cцв. ил., портр., табл. _d21 |
||
| 225 | 1 |
_aПрофессиональное образование _iОбщеобразовательные дисциплины |
|
| 320 | _aБиблиогр. в конце кн. | ||
| 606 | 1 |
_aАнглийский язык _jУчебные издания для среднего профессионального образования _2nlr_sh2 _3RU\NLR\AUTH\6646032 |
|
| 686 | 1 | _aШ143.21-93рус227 | |
| 700 | 1 |
_aСоколова _bН. И. _cканд. пед. наук, англ. язык _gНаталья Игоревна _3RU\NLR\AUTH\77117801 |
|
| 942 | _cBOOK | ||
| 980 | _aNBR | ||
| 980 | _aNB | ||